| 000 -LEADER |
| fixed length control field |
00565nam a2200157 a 4500 |
| 020 ## - INTERNATIONAL STANDARD BOOK NUMBER |
| ISBN |
9994482645 (paperback) |
| 020 ## - INTERNATIONAL STANDARD BOOK NUMBER |
| ISBN |
9789994482641 (paperback) |
| 245 10 - TITLE STATEMENT |
| Title |
Pesticide formulations and applications systems, second conference : |
| 260 ## - PUBLICATION, DISTRIBUTION, ETC. (IMPRINT) |
| Place of publication |
[S.l.] : |
| Name of publisher |
Astm Intl, |
| Year of publication |
1983. |
| 300 ## - PHYSICAL DESCRIPTION |
| Number of Pages |
1 v. (unpaged) |
| 700 1# - ADDED ENTRY--PERSONAL NAME |
| Personal name |
Seymour, K.G. |
| 856 40 - ELECTRONIC LOCATION AND ACCESS |
| Uniform Resource Identifier |
http://www.amazon.com/exec/obidos/ASIN/9994482645/chopaconline-20 |